Score 0/20 Timer 05:00
0 Plays Today
Hint Answer % Correct
Avatar
98.8%
Up
98.6%
The Hangover
88.3%
Sherlock Holmes
86.1%
Cloudy with a Chance of Meatballs
83.8%
Star Trek
80%
The Blind Side
75.6%
Zombieland
67.6%
Paranormal Activity
65.6%
Inglourious Basterds
57.1%
Hint Answer % Correct
District 9
55.8%
Invictus
50.8%
The Hurt Locker
50.2%
Watchmen
49.4%
Coraline
48.5%
(500) Days of Summer
47.1%
2012
41.6%
Up in the Air
38.4%
This Is It
29.8%
Terminator Salvation
27.1%
Remove Ads.
Support Sporcle.
Get the best of Sporcle when you Go Orange. This ad-free experience offers more features, more stats, and more fun while also helping to support Sporcle. Thank you for becoming a member.

You're not logged in!

Compare scores with friends on all Sporcle quizzes.
OR
Log In

Sporcle TV

Today on Sporcle TV


Watch our educational content, quiz creation guides, and fun videos on Sporcle TV.

Show Comments

Extras

Top Quizzes Today


Score Distribution

Paid Content

Your Account Isn't Verified!

In order to create a playlist on Sporcle, you need to verify the email address you used during registration. Go to your Sporcle Settings to finish the process.

Report this User

Report this user for behavior that violates our Community Guidelines.

Details: